Five classy programs : computer procedures for the classification of households /

Bibliographic Details
Main Author: Hammel, Eugene A.
Other Authors: Deuel, R. Z.
Format: Book
Language:English
Published: Berkeley : Institute of International Studies, University of California, [1977]
Series:Research series (University of California, Berkeley. Institute of International Studies) ; no. 33.
Subjects:

MARC

Tag First Indicator Second Indicator Subfields
LEADER 00000cam a2200000 i 4500
001 in00000620367
005 20151015051646.0
008 780515s1977 cau b s00010 eng
010 |a  78621078  
020 |a 0877251339 :  |c $3.75 
035 |a (OCoLC)03557094 
035 |9 ACT7905AM 
040 |a DLC  |c DLC  |d TXA  |d UtOrBLW 
049 |a TXAM  |c [1187181] 
050 0 0 |a GN480.2  |b .H35 
082 0 |a 301.42/1/02854 
100 1 |a Hammel, Eugene A. 
245 1 0 |a Five classy programs :  |b computer procedures for the classification of households /  |c E. A. Hammel, R. Z. Deuel. 
264 1 |a Berkeley :  |b Institute of International Studies, University of California,  |c [1977] 
264 4 |c ©1977 
300 |a v, 159 pages ;  |c 24 cm. 
336 |a text  |b txt  |2 rdacontent 
337 |a unmediated  |b n  |2 rdamedia 
338 |a volume  |b nc  |2 rdacarrier 
490 1 |a Research series : Institute of International Studies, University of California ; no. 33 
504 |a Includes bibliographical references. 
650 0 |a Kinship  |x Data processing. 
650 0 |a Kinship  |x Computer programs. 
650 0 |a Families  |x Data processing. 
650 0 |a Families  |x Computer programs. 
700 1 |a Deuel, R. Z. 
830 0 |a Research series (University of California, Berkeley. Institute of International Studies) ;  |v no. 33. 
999 |a MARS 
999 f f |s 4dd5e8ef-4b90-39d9-91b9-e0d9ab654bfd  |i 43df367d-5c08-3fa4-905e-bc906d604f3c  |t 0 
952 f f |p ric  |a Texas A&M University  |b Rellis Campus  |c Joint Library Facility  |d Remote Storage  |t 0  |e GN480.2 .H35  |h Library of Congress classification  |i unmediated -- volume  |m A14802427475 
998 f f |a GN480.2 .H35  |t 0  |l Remote Storage